[Event "China zt 3.5 2014"]
[Site "Zhongshan CHN"]
[Date "2014.10.28"]
[Round "3.18"]
[White "Zhang, Ziji"]
[Black "Xu, Xiangyu"]
[Result "1-0"]
[WhiteElo "2190"]
[BlackElo "2152"]
[WhiteFideId "8609470"]
[BlackFideId "8608288"]
[EventDate "2014.10.26"]

1. d4 f5 2. c4 Nf6 3. Nc3 g6 4. h4 h6 5. Nh3 Bg7 6. Nf4 Kf7 7. g3 e6 8. Bg2 d6
9. Qb3 c6 10. d5 cxd5 11. cxd5 e5 12. Ne6 Qe7 13. e4 fxe4 14. Nxe4 Nbd7 15. Be3
Nxe4 16. Bxe4 Nf6 17. Bg2 b6 18. O-O Ba6 19. Rfc1 Rhc8 20. Nxg7 Kxg7 21. Bh3
Rxc1+ 22. Rxc1 Bb7 23. Be6 Re8 24. Qd3 Kh7 25. Bd2 Qg7 26. Bb4 Rd8 27. Qc4 Ne8
28. Rc3 Qf6 29. Qe2 Qg7 30. h5 Nc7 31. hxg6+ Kh8 32. Qh5 Nxd5 33. Bxd5 Bxd5 34.
Rd3 Be4 35. Bxd6 Kg8 36. Qh4 1-0

[Event "China zt 3.5 2014"]
[Site "Zhongshan CHN"]
[Date "2014.10.28"]
[Round "3.19"]
[White "Yan, Xuesong"]
[Black "Yuan, Qingyu"]
[Result "0-1"]
[WhiteElo "1900"]
[BlackElo "2358"]
[WhiteFideId "8609764"]
[BlackFideId "8609772"]
[EventDate "2014.10.26"]

1. d4 Nf6 2. c4 c5 3. d5 e5 4. Nc3 d6 5. e4 g6 6. Bd3 Bg7 7. Nge2 O-O 8. f3 Nh5
9. Be3 f5 10. exf5 Bxf5 11. Bxf5 gxf5 12. Qd2 Qh4+ 13. g3 Qxc4 14. O-O-O Nd7 15.
Kb1 f4 16. Bg1 Nhf6 17. gxf4 Rae8 18. Be3 e4 19. Ng3 exf3 20. Rhg1 Kh8 21. f5 b5
22. Bh6 Bxh6 23. Qxh6 f2 24. Rgf1 b4 25. Na4 Ng4 26. Qd2 Ne3 27. Rxf2 Nxd1 28.
Qxd1 Re5 29. Rd2 Rfe8 30. b3 Qf4 31. Kc2 Re1 32. Qh5 c4 0-1

[Event "China zt 3.5 2014"]
[Site "Zhongshan CHN"]
[Date "2014.10.28"]
[Round "3.20"]
[White "Huang, Zhi"]
[Black "Yang, Jie"]
[Result "1/2-1/2"]
[WhiteElo "2107"]
[BlackElo "2325"]
[WhiteFideId "8608920"]
[BlackFideId "8602336"]
[EventDate "2014.10.26"]

1. Nf3 d5 2. d4 Nf6 3. c4 e6 4. Nc3 Bb4 5. a3 Bxc3+ 6. bxc3 O-O 7. Bf4 c5 8. e3
dxc4 9. Bxc4 Nd5 10. Bg3 b5 11. Bd3 c4 12. Bc2 Bb7 13. Qd2 Qa5 14. e4 Nf6 15.
Bd6 Nxe4 16. Bxe4 Bxe4 17. Bxf8 Kxf8 18. O-O Bxf3 19. gxf3 Nd7 20. f4 Nf6 21. f5
exf5 22. Rfc1 Nd5 23. Qc2 g6 24. a4 Nf4 25. Qd2 Nd3 26. axb5 Qxb5 27. Rcb1 Qd5
28. Qh6+ Kg8 29. Rxa7 Rf8 30. Re7 f4 31. Rbb7 Qf5 32. h3 Qf6 1/2-1/2

[Event "China zt 3.5 2014"]
[Site "Zhongshan CHN"]
[Date "2014.10.28"]
[Round "3.21"]
[White "Wang, Jiaqi"]
[Black "Zhao, Zhouqiao CHN"]
[Result "1-0"]
[BlackTitle "FM"]
[WhiteElo "1844"]
[BlackElo "2228"]
[WhiteFideId "8609128"]
[BlackFideId "8608342"]
[EventDate "2014.10.26"]

1. e4 e5 2. Nf3 Nc6 3. Bb5 g6 4. O-O Bg7 5. c3 a6 6. Ba4 b5 7. Bc2 d6 8. h3 Nf6
9. d4 O-O 10. Re1 Re8 11. Nbd2 Bb7 12. d5 Nb8 13. Nf1 c6 14. dxc6 Bxc6 15. Bg5
h6 16. Bh4 Qc7 17. Qd2 Nbd7 18. Rad1 Bf8 19. Bg3 Qb7 20. Qe2 d5 21. exd5 Bxd5
22. N1d2 Nh5 23. Nh4 Nxg3 24. fxg3 Bg7 25. Ne4 Qb6+ 26. Kh2 Bxe4 27. Bxe4 Rad8
28. Bd5 Nf6 29. Bb3 Kf8 30. Nf3 e4 31. Nd4 Re7 32. Qe3 Qb7 33. Ne6+ Rxe6 34.
Rxd8+ Ke7 35. Red1 Re5 36. Qf4 Qc7 37. Ra8 g5 38. Qe3 Rc5 39. Rxa6 Nh5 40. Qxe4+
Be5 41. Qf3 Nf6 42. Re1 1-0

[Event "China zt 3.5 2014"]
[Site "Zhongshan CHN"]
[Date "2014.10.28"]
[Round "3.23"]
[White "Nie, Xinyang"]
[Black "Xu, Minghui"]
[Result "0-1"]
[WhiteElo "1911"]
[BlackElo "2140"]
[WhiteFideId "8607222"]
[BlackFideId "8606790"]
[EventDate "2014.10.26"]

1. d4 Nf6 2. Bg5 g6 3. Nd2 d5 4. Bxf6 exf6 5. e3 Be6 6. Bd3 c6 7. c3 Nd7 8. Ne2
Bd6 9. e4 Qc7 10. Qc2 O-O-O 11. O-O-O dxe4 12. Nxe4 Be7 13. b4 b6 14. a3 f5 15.
Nd2 c5 16. Ba6+ Kb8 17. Nf3 Bd5 18. dxc5 Bxf3 19. gxf3 bxc5 20. Qb3 Nb6 21. Kb1
Bf6 22. a4 c4 23. Qa2 Rxd1+ 24. Rxd1 Rd8 25. Rc1 Bg5 26. a5 Nd5 27. Rd1 Nxb4 28.
Rxd8+ Qxd8 29. Qb2 Qd3+ 30. Ka1 Qd1+ 31. Nc1 Kc7 32. Qxb4 Qxc1+ 33. Ka2 Qc2+ 34.
Qb2 Qa4+ 35. Kb1 Qd1+ 36. Ka2 Qa4+ 37. Kb1 Qxa5 38. Bxc4 Bf6 39. Kc2 Qe5 40. Qa3
a5 41. f4 Qe4+ 42. Bd3 Qd5 43. c4 Qd4 44. Qxa5+ Kd6 45. Qd2 Kc6 46. Bf1 Qb2+ 47.
Kd1 Qb1+ 48. Ke2 Qe4+ 49. Kd1 Qb1+ 50. Ke2 Qe4+ 51. Kd1 Bd4 52. Bd3 Qf3+ 53. Qe2
Qh1+ 54. Kc2 Kd7 55. Qd2 Qa1 56. f3 Ke7 57. Qb4+ Kf6 58. Qb1 Qc3+ 59. Kd1 Be3
60. Qc2 Qd4 61. Ke2 Bxf4 62. Kf1 Be3 63. c5 Qd5 64. Kg2 Bxc5 65. Qc4 Qe5 66. Bc2
Qe3 67. Qd3 Qf2+ 68. Kh3 Bd4 69. Bb3 Be5 70. f4 Qxf4 71. Qe2 g5 72. Bc2 h5 73.
Bd3 g4+ 74. Kg2 Qxh2+ 0-1

[Event "China zt 3.5 2014"]
[Site "Zhongshan CHN"]
[Date "2014.10.28"]
[Round "3.24"]
[White "Zhou, Xiangheng"]
[Black "Yu, Xiangbo"]
[Result "0-1"]
[WhiteElo "1682"]
[BlackElo "2149"]
[WhiteFideId "8607907"]
[BlackFideId "8603782"]
[EventDate "2014.10.26"]

1. e4 c5 2. Nf3 d6 3. d4 cxd4 4. Nxd4 Nf6 5. Nc3 a6 6. Be2 e6 7. f4 Nc6 8. Be3
Be7 9. O-O O-O 10. Kh1 Qc7 11. a4 Bd7 12. Nb3 Na5 13. Nxa5 Qxa5 14. Bd3 Bc6 15.
Qf3 Qh5 16. Qg3 Qg6 17. Qf3 Qg4 18. Qf2 e5 19. Be2 Qc8 20. Bf3 Ng4 21. Bxg4 Qxg4
22. f5 Bxe4 23. a5 d5 24. Nxe4 Qxe4 25. c3 Rac8 26. Qd2 d4 27. cxd4 Rc2 28. Qxc2
Qxc2 29. dxe5 Qxb2 30. Bf4 Rc8 31. Rab1 Qe2 32. Rfe1 Qg4 33. Bg3 h5 34. Rxb7 Bb4
35. Rg1 h4 36. Bf2 h3 37. e6 Rc1 38. exf7+ Kh7 39. f8=N+ Bxf8 40. Rxg7+ Bxg7 41.
Bg3 Rxg1+ 42. Kxg1 Qd1+ 43. Kf2 Bd4# 0-1

[Event "China zt 3.5 2014"]
[Site "Zhongshan CHN"]
[Date "2014.10.28"]
[Round "3.25"]
[White "Liu, Zhaoqi"]
[Black "Chen, Qi b"]
[Result "1/2-1/2"]
[WhiteElo "2073"]
[BlackElo "1925"]
[WhiteFideId "8609381"]
[BlackFideId "8614733"]
[EventDate "2014.10.26"]

1. d4 Nf6 2. c4 g6 3. Nc3 Bg7 4. Nf3 d6 5. g3 O-O 6. Bg2 Nc6 7. O-O a6 8. Bf4
Nh5 9. Bg5 h6 10. Be3 Rb8 11. Qd2 Kh7 12. Rac1 Bd7 13. d5 Na5 14. b3 c5 15. dxc6
Nxc6 16. Nd5 f5 17. c5 e6 18. Nf4 Nxf4 19. gxf4 d5 20. b4 Qf6 21. Rfd1 Qb2 22.
Qxb2 Bxb2 23. Rb1 Bf6 24. Bc1 Kg7 25. Bb2 b6 1/2-1/2

[Event "China zt 3.5 2014"]
[Site "Zhongshan CHN"]
[Date "2014.10.28"]
[Round "3.26"]
[White "Luanchen, Yuantai"]
[Black "Peng, Hongchi"]
[Result "0-1"]
[WhiteElo "1510"]
[BlackElo "2144"]
[WhiteFideId "8614644"]
[BlackFideId "8609047"]
[EventDate "2014.10.26"]

1. d4 Nf6 2. c4 g6 3. Nc3 Bg7 4. Nf3 O-O 5. e4 d6 6. Be2 e5 7. dxe5 dxe5 8. Qxd8
Rxd8 9. Bg5 Re8 10. O-O-O h6 11. Bh4 Na6 12. Bg3 Nh5 13. Rd5 Nf4 14. Bxf4 exf4
15. Nd2 f5 16. Bf3 Nb4 17. Rb5 Nd3+ 18. Kc2 Nxf2 19. Re1 c6 20. Rb3 Bxc3 21.
Rxc3 fxe4 0-1

[Event "China zt 3.5 2014"]
[Site "Zhongshan CHN"]
[Date "2014.10.28"]
[Round "3.27"]
[White "Shen, Chenyi"]
[Black "Yang, Yanqing"]
[Result "1-0"]
[WhiteElo "2066"]
[BlackElo "1992"]
[WhiteFideId "8609071"]
[BlackFideId "8613575"]
[EventDate "2014.10.26"]

1. e4 c5 2. Nf3 d6 3. Bb5+ Bd7 4. Bxd7+ Qxd7 5. c4 Nf6 6. Nc3 e5 7. d3 h6 8. Be3
Nc6 9. h3 Be7 10. O-O a6 11. Nh2 Rb8 12. f4 b5 13. b3 Nd4 14. Nf3 Qc7 15. f5 Qc6
16. Bxd4 cxd4 17. Nd5 Qd7 18. Nd2 bxc4 19. bxc4 O-O 20. Rb1 Kh8 21. Rb3 Rb7 22.
Rxb7 Qxb7 23. Qb3 Qxb3 24. axb3 Nxd5 25. exd5 Rb8 26. Rb1 a5 27. Kf1 Rb4 28. Ke2
Kg8 29. Ra1 Bd8 30. Kd1 Kf8 31. Kc2 Ke7 32. Ne4 Rb8 33. f6+ gxf6 34. Rf1 Kd7 35.
Nxf6+ Bxf6 36. Rxf6 Ke7 37. Rxh6 a4 38. bxa4 Rb4 39. a5 Ra4 40. Rh8 Rxa5 41. Kb2
Ra4 42. Rb8 f5 43. Rb7+ Kf6 44. Rb6 Ke7 45. c5 e4 46. dxe4 fxe4 47. Rxd6 e3 48.
Re6+ Kd8 49. Kb3 Ra1 50. Kc4 Rd1 51. d6 Rd2 52. c6 e2 53. c7+ Kd7 54. Kd5 d3 55.
Re7+ 1-0

[Event "China zt 3.5 2014"]
[Site "Zhongshan CHN"]
[Date "2014.10.29"]
[Round "4.1"]
[White "Bu, Xiangzhi"]
[Black "Zhao, Jun"]
[Result "1-0"]
[WhiteTitle "GM"]
[BlackTitle "GM"]
[WhiteElo "2710"]
[BlackElo "2578"]
[WhiteFideId "8601445"]
[BlackFideId "8602522"]
[EventDate "2014.10.26"]

1. Nf3 Nf6 2. c4 e6 3. Nc3 b6 4. g3 Bb7 5. Bg2 Bb4 6. O-O O-O 7. Qc2 c5 8. Rd1
Nc6 9. Na4 Rc8 10. a3 Ba5 11. b3 d5 12. Bb2 h6 13. d4 Nxd4 14. Nxd4 cxd4 15.
Bxd4 b5 16. Nc5 Bc6 17. cxd5 Bxd5 18. Bxd5 Nxd5 19. e4 Nf6 20. b4 Bc7 21. Qe2
Qe7 22. Bxf6 gxf6 23. Rd7 Qe8 24. Rad1 Bb6 25. Qg4+ Kh8 26. Qh4 Kg7 27. e5 Bd8
28. Qg4+ Kh8 29. Qf4 Kg7 30. Ne4 fxe5 31. Qxe5+ Kg6 32. h4 Be7 33. Rxe7 Qxe7 34.
Rd7 1-0

[Event "China zt 3.5 2014"]
[Site "Zhongshan CHN"]
[Date "2014.10.29"]
[Round "4.3"]
[White "Zhou, Jianchao"]
[Black "Zhao, Yuanhe"]
[Result "0-1"]
[WhiteTitle "GM"]
[WhiteElo "2580"]
[BlackElo "2091"]
[WhiteFideId "8603537"]
[BlackFideId "8609497"]
[EventDate "2014.10.26"]

1. c4 Nf6 2. Nc3 d5 3. cxd5 Nxd5 4. g3 g6 5. Bg2 Nxc3 6. bxc3 Bg7 7. Rb1 O-O 8.
h4 h5 9. c4 Nd7 10. Nf3 c5 11. Bb2 Qc7 12. Bxg7 Kxg7 13. Ng5 Nf6 14. Qa4 Ne8 15.
O-O Nd6 16. Ne4 Bh3 17. Bxh3 Nxe4 18. Bg2 Nd6 19. d3 Rab8 20. Qa3 b6 21. Qc3+
Kh7 22. a4 Nf5 23. e3 Rfd8 24. Rb3 a5 25. Rfb1 Rd6 26. Be4 Nh6 27. d4 cxd4 28.
exd4 Rc8 29. c5 bxc5 30. Rb7 Qd8 31. dxc5 Rd4 32. Re1 Rxa4 33. Bxg6+ Kxg6 34.
Qc2+ Nf5 35. Qxa4 Rxc5 36. Qf4 f6 37. Rb8 Qc7 38. Qxc7 Rxc7 39. Ra1 Rc2 40. Rxa5
Nh6 41. Rba8 Rb2 42. Ra2 Rb1+ 43. Kg2 Ng4 44. R8a7 e5 45. Re2 Rb3 46. Rd7 Ra3
47. Rd6 Kf5 48. f3 Nh6 49. Kf2 Kg6 50. Rdd2 Nf5 51. Re4 Rb3 52. Re1 Ra3 53. Kg2
Ne3+ 54. Kh3 Nf5 55. Rf2 Rb3 56. Kg2 Ne3+ 57. Kh2 Nf5 58. Ra1 Nd4 59. Kg2 Nf5
60. Rd2 Ne3+ 61. Kf2 Nf5 62. Rad1 Kh6 63. Rd3 Rb2+ 64. R1d2 Rb1 65. Ra2 Kg6 66.
Rc3 Rh1 67. Kg2 Rb1 68. Rc6 Nd4 69. Rd6 Nf5 70. Rd8 Ne3+ 71. Kh3 Rg1 72. Rd3 Nf1
73. f4 e4 74. f5+ Kh6 0-1

[Event "China zt 3.5 2014"]
[Site "Zhongshan CHN"]
[Date "2014.10.29"]
[Round "4.4"]
[White "Lin, Yi"]
[Black "Xiu, Deshun"]
[Result "0-1"]
[BlackTitle "GM"]
[WhiteElo "2013"]
[BlackElo "2553"]
[WhiteFideId "8609659"]
[BlackFideId "8603693"]
[EventDate "2014.10.26"]

1. d4 Nf6 2. c4 e6 3. g3 d5 4. Nf3 Be7 5. Bg2 O-O 6. O-O dxc4 7. Qc2 a6 8. Qxc4
b5 9. Qc2 Bb7 10. Bd2 Bd6 11. Rc1 Nbd7 12. Ba5 Qe7 13. Nbd2 c5 14. dxc5 Nxc5 15.
Nb3 Rac8 16. Nfd2 Na4 17. Qd3 Bxg2 18. Kxg2 Nxb2 19. Qd4 Na4 20. Nf3 Ba3 21.
Rxc8 Rxc8 22. Rd1 Nb2 23. Bd8 Qf8 24. Rd2 Nd5 25. Ba5 Nc4 26. Rd3 Nxa5 27. Nxa5
Bc5 28. Qe5 Bd6 29. Qd4 Bc7 30. Nb3 Bb6 31. Qe5 Rd8 32. Ng5 h6 33. Ne4 Qe7 34.
Rf3 f5 35. Nc3 Qf6 36. Qxf6 Nxf6 37. Rd3 Rxd3 38. exd3 Kf7 39. f3 e5 40. Kf1 Ke6
41. Ke2 Nd5 42. Nxd5 Kxd5 43. Kd2 a5 44. Nc1 a4 45. Ne2 b4 46. Kc2 Be3 47. g4 f4
48. h4 Bf2 49. h5 Ke6 50. Kd1 Kf6 51. Kd2 Kg5 52. a3 bxa3 53. Nc3 Bd4 54. Na2
Kf6 55. Kc2 Bb2 56. Nb4 Ke6 57. Kb1 Bd4 58. Kc2 Bc5 59. Na2 Kd5 60. Kd1 Kd4 61.
Ke2 Ba7 62. Kd2 Bb6 0-1

[Event "China zt 3.5 2014"]
[Site "Zhongshan CHN"]
[Date "2014.10.29"]
[Round "4.5"]
[White "Dai, Changren"]
[Black "Gao, Rui"]
[Result "0-1"]
[BlackTitle "GM"]
[WhiteElo "2283"]
[BlackElo "2523"]
[WhiteFideId "8608156"]
[BlackFideId "8602387"]
[EventDate "2014.10.26"]

1. e4 c5 2. Nf3 Nc6 3. d4 cxd4 4. Nxd4 e5 5. Nb5 a6 6. Nd6+ Bxd6 7. Qxd6 Qe7 8.
Qd1 Nf6 9. Nc3 d6 10. Bg5 Be6 11. Be2 h6 12. Be3 O-O 13. O-O Rac8 14. Re1 Na5
15. Qd2 Nc4 16. Bxc4 Rxc4 17. f3 Rfc8 18. Rad1 R8c6 19. Bf2 b5 20. a3 Qb7 21.
Re3 a5 22. b3 Rd4 23. Rd3 Rxd3 24. Qxd3 b4 25. axb4 axb4 26. Na2 d5 27. exd5
Nxd5 28. Qe4 Ra6 29. Nc1 Qc7 30. Re1 f6 31. Nd3 Rc6 32. f4 Rxc2 33. Nxb4 Rxf2
34. Nxd5 Qc5 35. b4 Qa7 36. Nxf6+ Kf7 37. Re3 Re2 0-1

[Event "China zt 3.5 2014"]
[Site "Zhongshan CHN"]
[Date "2014.10.29"]
[Round "4.6"]
[White "Wu, Xibin"]
[Black "Wan, Yunguo"]
[Result "0-1"]
[WhiteTitle "IM"]
[BlackTitle "IM"]
[WhiteElo "2278"]
[BlackElo "2489"]
[WhiteFideId "8600309"]
[BlackFideId "8603189"]
[EventDate "2014.10.26"]

1. c4 c5 2. Nf3 Nc6 3. Nc3 g6 4. e3 Bg7 5. d4 d6 6. Be2 Bg4 7. O-O Nf6 8. h3
Bxf3 9. Bxf3 Nd7 10. Rb1 O-O 11. Ne2 Qb6 12. dxc5 Nxc5 13. b3 Ne5 14. Nf4 Qa6
15. a4 Nxf3+ 16. Qxf3 e6 17. Rd1 Nd7 18. Ba3 Ne5 19. Qe4 Rfd8 20. Rd2 Qb6 21.
Qc2 Rac8 22. Qd1 Bf8 23. Bb2 Bg7 24. Ba3 Bf8 25. Ne2 a6 26. Ng3 f5 27. Ne2 Nf7
28. Nf4 Re8 29. h4 Qa5 30. b4 Qd8 31. c5 d5 32. g3 Ne5 33. Rc1 Qe7 34. Bb2 Nc4
35. Re2 Red8 36. a5 Qf7 37. Qb3 e5 38. Nxd5 Nxb2 39. Nf6+ Kg7 40. Nh5+ gxh5 41.
Qxb2 Qf6 42. e4 f4 43. gxf4 Qxf4 44. Re3 Rc6 0-1

[Event "China zt 3.5 2014"]
[Site "Zhongshan CHN"]
[Date "2014.10.29"]
[Round "4.7"]
[White "Ma, Zhonghan"]
[Black "Bao, Qilin"]
[Result "1/2-1/2"]
[WhiteElo "2471"]
[BlackElo "2249"]
[WhiteFideId "8607206"]
[BlackFideId "8605750"]
[EventDate "2014.10.26"]

1. e4 c5 2. c3 d6 3. d4 Nf6 4. dxc5 Nc6 5. Bd3 dxc5 6. Nf3 g6 7. O-O Bg7 8. h3
O-O 9. Qe2 Qc7 10. Na3 a6 11. Re1 Nd7 12. Nc4 b5 13. Ne3 e6 14. Ng4 Nde5 15. Bf4
Nxf3+ 16. Qxf3 e5 17. Bg5 Bxg4 18. hxg4 Nd8 19. Red1 Ne6 20. Be3 Rfd8 21. g3 Qe7
22. Bc2 Rxd1+ 23. Rxd1 Rd8 24. Rd5 Rxd5 25. exd5 Nf8 26. g5 Nd7 27. Be4 Qd6 28.
b3 Bf8 29. c4 b4 30. Bd3 a5 31. Qg4 Qe7 32. Bf1 Nb6 33. Qd1 Qd6 34. a3 Nc8 35.
axb4 axb4 36. Bh3 Ne7 37. Qf3 h6 38. gxh6 f5 39. g4 f4 40. Bc1 Bxh6 41. Qe4 Kf7
42. Bb2 Kf6 43. Kf1 Bg5 44. Ke2 Nc8 45. Kd1 Qe7 46. Bf1 Nd6 47. Qe1 Nf7 48. Bd3
Kg7 49. Kc2 Qd6 50. Qe4 Kh7 51. Qh1+ Kg8 52. Qa1 Bh4 53. Qa8+ Kg7 54. Qc6 Be7
55. Qc8 Qf6 56. f3 Ng5 57. Be2 Bd6 58. Qd7+ Nf7 59. Bd3 Qe7 60. Qc8 Ng5 61. Be2
Nf7 62. Kd1 Qd8 63. Qe6 Qf6 64. Bd3 Ng5 65. Qd7+ Nf7 66. Be4 Qe7 67. Qe6 Qf6 68.
Ke2 Ng5 69. Qd7+ Nf7 70. Kd3 Qe7 71. Qc8 Ng5 1/2-1/2

[Event "China zt 3.5 2014"]
[Site "Zhongshan CHN"]
[Date "2014.10.29"]
[Round "4.8"]
[White "Fang, Yan"]
[Black "Lin, Chen"]
[Result "1/2-1/2"]
[BlackTitle "IM"]
[WhiteElo "2267"]
[BlackElo "2463"]
[WhiteFideId "8604746"]
[BlackFideId "8602298"]
[EventDate "2014.10.26"]

1. e4 c5 2. Nf3 e6 3. c3 d5 4. exd5 exd5 5. Bb5+ Bd7 6. Bxd7+ Qxd7 7. O-O Bd6 8.
d4 Ne7 9. dxc5 Bxc5 10. Nbd2 Nbc6 11. Nb3 Bd6 12. Be3 O-O 13. Bc5 Rfe8 14. Bxd6
Qxd6 15. Re1 Ng6 16. Nbd4 Qd7 17. Qd2 h6 18. Rxe8+ Rxe8 19. Re1 1/2-1/2

[Event "China zt 3.5 2014"]
[Site "Zhongshan CHN"]
[Date "2014.10.29"]
[Round "4.9"]
[White "Zhang, Xiaopeng"]
[Black "Jia, Haoxiang"]
[Result "1/2-1/2"]
[BlackTitle "IM"]
[WhiteElo "2228"]
[BlackElo "2424"]
[WhiteFideId "8604037"]
[BlackFideId "8602999"]
[EventDate "2014.10.26"]

1. e4 c5 2. Nf3 e6 3. d4 cxd4 4. Nxd4 a6 5. Bd3 Nf6 6. O-O Qc7 7. Qe2 d6 8. c4
Be7 9. b3 O-O 10. Bb2 Nbd7 11. Nd2 b6 12. f4 Bb7 13. Rae1 Rfd8 14. Bb1 g6 15. e5
Nh5 16. f5 dxe5 17. fxe6 f6 18. exd7 Qxd7 19. Be4 Bc5 20. Bxb7 Qxb7 21. Ne4 exd4
22. Nxc5 bxc5 23. Qe6+ Qf7 24. g4 Ng7 25. Qxf6 Qxf6 26. Rxf6 Re8 27. Kf1 Rxe1+
28. Kxe1 Re8+ 29. Kd2 Ne6 30. Kd3 Ng5 31. Bc1 Ne4 32. Rf4 Nc3 33. Bd2 Nxa2 34.
Rf6 a5 35. Bxa5 Re3+ 36. Kc2 Nc3 37. Bxc3 Rxc3+ 38. Kd1 Rd3+ 39. Ke1 Rxb3 40.
Rc6 Re3+ 41. Kd2 Re5 42. Rc7 h5 43. gxh5 Rxh5 44. Kd3 Kf8 45. h4 Ke8 46. Kd2 Kd8
47. Rc6 Kd7 48. Rxg6 Rxh4 49. Kd3 Kc7 50. Rf6 Rh7 51. Ke4 Rd7 52. Rh6 Rd6 53.
Rh8 Kb6 54. Rb8+ Kc7 55. Rh8 Rg6 56. Rf8 Rd6 57. Rh8 Rd8 58. Rh6 d3 59. Rh1 Kb6
60. Rd1 Ka5 61. Ke3 Kb4 62. Rxd3 Ra8 63. Kd2 Kxc4 64. Rh3 Kb4 65. Kc2 Ra2+ 66.
Kc1 Kc4 67. Rg3 Kb4 68. Rh3 Ra3 69. Rxa3 Kxa3 70. Kc2 Kb4 71. Kb2 c4 72. Kc2 c3
73. Kc1 Kb3 74. Kb1 c2+ 75. Kc1 Kc3 1/2-1/2

[Event "China zt 3.5 2014"]
[Site "Zhongshan CHN"]
[Date "2014.10.29"]
[Round "4.10"]
[White "Xu, Yinglun"]
[Black "Zhang, Ziji"]
[Result "1-0"]
[WhiteElo "2410"]
[BlackElo "2190"]
[WhiteFideId "8604940"]
[BlackFideId "8609470"]
[EventDate "2014.10.26"]

1. d4 d5 2. c4 c6 3. Nf3 Nf6 4. e3 Bf5 5. Nh4 Bxb1 6. Rxb1 e6 7. a3 Nbd7 8. Be2
Bd6 9. O-O O-O 10. g3 Qe7 11. Qb3 Rab8 12. Rd1 Ne4 13. f3 Nef6 14. Bd2 Rfd8 15.
Rbc1 dxc4 16. Qxc4 c5 17. dxc5 Bxc5 18. b4 Bb6 19. Kh1 Ne5 20. Qc3 Nc6 21. Ng2
Rd7 22. b5 Ba5 23. bxc6 Bxc3 24. cxd7 Qxd7 25. Bxc3 Qa4 26. Be5 Ra8 27. Rd3 Qa5
28. Rcd1 Re8 29. Bc3 Qc7 30. e4 h6 31. Ne3 Qc6 32. Kg2 b6 33. Bb2 Qb5 34. R1d2
Qa4 35. e5 Nh7 36. Rd4 Qb3 37. Kf2 Ng5 38. Bf1 g6 39. h4 Nh7 40. Rb4 Qa2 41. Bc4 1-0

[Event "China zt 3.5 2014"]
[Site "Zhongshan CHN"]
[Date "2014.10.29"]
[Round "4.11"]
[White "Xu, Zhihang"]
[Black "Wang, Jue"]
[Result "0-1"]
[BlackTitle "WGM"]
[WhiteElo "2119"]
[BlackElo "2353"]
[WhiteFideId "8611572"]
[BlackFideId "8604070"]
[EventDate "2014.10.26"]

1. Nf3 Nf6 2. c4 g6 3. g3 Bg7 4. Bg2 O-O 5. O-O Nc6 6. d4 d6 7. Nc3 a6 8. Qd3 e5
9. dxe5 dxe5 10. Qxd8 Rxd8 11. Bg5 Re8 12. Nd2 Nd4 13. e3 Ne6 14. Bxf6 Bxf6 15.
Nd5 Bd8 16. Rfd1 c6 17. Nb4 f5 18. Nxc6 bxc6 19. Bxc6 Nc7 20. Ne4 Rf8 21. Bxa8
Nxa8 22. Nd6 Be6 23. c5 Nc7 24. Rd2 e4 25. b3 Bf6 26. Rad1 Bc3 27. Rc2 Bb4 28.
Nb7 Bd5 29. Rd4 a5 30. Nd6 Rb8 31. g4 Be6 32. gxf5 gxf5 33. c6 Kg7 34. Nb7 Bd5
35. Nc5 Rb5 36. Nd7 Be7 37. Rc1 Be6 38. Rcd1 Kf7 39. R4d2 h5 40. Kg2 h4 41. h3
Ke8 42. Rc2 Bf7 43. Rdc1 Bh5 44. Nc5 Bf3+ 45. Kf1 Bd6 46. Nb7 Ba3 47. Rb1 Rd5
48. Kg1 Ke7 49. Rc4 Bb4 50. Ra1 Ke6 51. Rcc1 Ba3 52. Rc4 Bb4 53. Rc2 Ke5 54. Kh2
f4 55. exf4+ Kxf4 56. Rg1 Be7 57. Rg8 Kf5 58. Rc1 Bf6 59. Kg1 Ke6 60. Nc5+ Kf7
61. Nd7 Bb2 62. Rf8+ Ke7 63. Re1 Rg5+ 64. Kf1 Kd6 65. Nb6 Kxc6 66. Nc4 Bd4 67.
Nd2 Bg2+ 68. Ke2 Ne6 69. Rf7 Kd5 70. Rg1 Be5 71. Rd1 Nd4+ 72. Ke3 Nc2+ 73. Ke2
Nd4+ 74. Ke3 Nc2+ 75. Ke2 Nd4+ 76. Ke3 Ke6 77. Rf8 Nf5+ 78. Ke2 Nd4+ 79. Ke3
Nf5+ 80. Ke2 Nd6 81. Ke3 Bg7 82. Rb8 Bh6 83. Ke2 Rd5 84. Ke1 Bf4 85. Rf8 Be5 86.
Rg8 Bxh3 87. Ke2 Kf5 88. Rdg1 Bf4 89. Nb1 Ke5 90. Rh1 Be6 91. Rg6 h3 92. Rxe6+
Kxe6 93. Rxh3 Nf5 94. Nc3 Rd2+ 95. Ke1 Rd3 96. Rxd3 exd3 97. a3 Ke5 98. b4 axb4
99. axb4 Kd4 100. Ne2+ dxe2 101. Kxe2 Ke4 102. f3+ Kd4 103. b5 Nd6 104. b6 Kc4
105. Kf2 Kc5 106. Kg2 Kxb6 107. Kh3 Kc5 108. Kg4 Be5 109. f4 Bd4 110. f5 Kd5
111. Kf4 Bf6 112. Ke3 Nxf5+ 113. Kd3 Bd4 114. Ke2 Ke4 115. Kd2 Ne3 116. Ke1 Nc4
117. Ke2 Bc5 118. Ke1 Be3 119. Ke2 Nd2 120. Kd1 Kd3 121. Kc1 Bd4 122. Kd1 Bf2
123. Kc1 Bc5 124. Kd1 Nf3 125. Kc1 Bb4 0-1

[Event "China zt 3.5 2014"]
[Site "Zhongshan CHN"]
[Date "2014.10.29"]
[Round "4.12"]
[White "Xu, Minghui"]
[Black "Ju, Wenjun"]
[Result "1/2-1/2"]
[BlackTitle "WGM"]
[WhiteElo "2140"]
[BlackElo "2582"]
[WhiteFideId "8606790"]
[BlackFideId "8603006"]
[EventDate "2014.10.26"]

1. d4 Nf6 2. c4 e6 3. g3 c5 4. d5 exd5 5. cxd5 d6 6. Nc3 g6 7. Bg2 Bg7 8. Nf3
O-O 9. O-O Re8 10. Re1 a6 11. a4 Nbd7 12. Bf4 Qc7 13. Qd2 Ng4 14. h3 Nge5 15.
Bh6 Bh8 16. Qc2 Nxf3+ 17. exf3 Rxe1+ 18. Rxe1 Nf6 19. b4 Bd7 20. bxc5 Qxc5 21.
Be3 Qa5 22. Rc1 Rc8 23. Qb3 b5 24. axb5 axb5 25. f4 Nxd5 26. Bxd5 Rxc3 27. Bxf7+
Kf8 28. Rxc3 Qxc3 29. Qd5 Bc6 30. Qxd6+ Kxf7 31. Kh2 h5 32. Bc5 Bf3 33. Qf8+ Ke6
34. Qd6+ Kf7 35. Qf8+ Ke6 36. Qd6+ Kf7 37. Qf8+ 1/2-1/2

[Event "China zt 3.5 2014"]
[Site "Zhongshan CHN"]
[Date "2014.10.29"]
[Round "4.13"]
[White "Wang, Yiye"]
[Black "Fang, Yuxiang"]
[Result "1-0"]
[WhiteTitle "IM"]
[WhiteElo "2422"]
[BlackElo "2325"]
[WhiteFideId "8606021"]
[BlackFideId "8605840"]
[EventDate "2014.10.26"]

1. e4 c6 2. Nc3 d5 3. Nf3 Bg4 4. h3 Bxf3 5. Qxf3 e6 6. d4 Nf6 7. Bd3 dxe4 8.
Nxe4 Nxe4 9. Qxe4 Nd7 10. c3 Nf6 11. Qe2 Qc7 12. O-O Bd6 13. Bg5 h6 14. Bxf6
gxf6 15. a4 O-O-O 16. Qf3 f5 17. b4 Qe7 18. b5 cxb5 19. axb5 Bb8 20. Ra4 Qd6 21.
Rfa1 Rd7 22. Rc4+ Kd8 23. Re1 Qh2+ 24. Kf1 Rg8 25. g4 h5 26. gxf5 exf5 27. Qxf5
Rg1+ 28. Ke2 Re7+ 29. Kd2 Rexe1 30. Qf6+ Re7 31. Qh8+ Re8 32. Rc8+ Ke7 33. Qxe8+
Kf6 34. Qd8+ Ke6 35. d5+ Ke5 36. Qe7+ 1-0

[Event "China zt 3.5 2014"]
[Site "Zhongshan CHN"]
[Date "2014.10.29"]
[Round "4.14"]
[White "Li, Hanbin"]
[Black "Liu, Guanchu"]
[Result "1/2-1/2"]
[BlackTitle "IM"]
[WhiteElo "2257"]
[BlackElo "2409"]
[WhiteFideId "8602670"]
[BlackFideId "8603901"]
[EventDate "2014.10.26"]

1. e4 e6 2. d4 d5 3. Nd2 Nf6 4. e5 Nfd7 5. Bd3 c5 6. c3 Nc6 7. Ne2 cxd4 8. cxd4
f6 9. exf6 Nxf6 10. Nf3 Bd6 11. O-O O-O 12. Bf4 Bxf4 13. Nxf4 Ng4 14. Qd2 Qf6
15. Nh5 Qh6 16. Qxh6 Nxh6 17. Ng3 Bd7 18. Rac1 1/2-1/2